000 00649nam a22002177a 4500
003 BD-DhUIB
005 20210617112631.0
008 210617b ||||| |||| 00| 0 eng d
020 _a9781849710671
040 _aBD-DhUIB
_cBD-DhUIB
050 _a658.4083 ACC 2010
082 _222
100 _aHopwood, Anthony.
_9773
245 _aAccounting for sustainability :
_bPractical insights /
_cAnthony Hopwood, Jeffrey Unerman and Jessica Fries.
260 _aNew york :
_bEarthscan ;
_cc2010.
300 _axxvi, 258p. ;
_bill. ;
_c23 cm.
526 _aBBA.
700 _aUnerman, Jeffrey.
_9448
700 _aFries, Jessica.
_9774
942 _2ddc
_cBK
999 _c361
_d361